000 00391 a2200109 4500
001 ART_41394
005 20260410161754.0
008 260409a
245 1 0 _aLa interpretación e integración de la ley tributaria y las sociedades civiles profesionales desaparecidas
100 1 _aFernández, Fernanda M.
773 0 _tDoctrina tributaria
_g- Nº 445 (abr. 2017)
_wREV4296
999 _c19961
_d19961